| 000 | 01671nam a2200349 c 4500 | ||
|---|---|---|---|
| 003 | BLK | ||
| 005 | 20180422110439.0 | ||
| 008 | 180409b bul|||||r ||||||| ||bul|| | ||
| 010 | _aKNG00122864000 | ||
| 040 | _aBLK | ||
| 041 |
_aBUL _cBUL |
||
| 080 |
_aМебелно производство. Тапицерство _b684 _x(035) _z684(035) |
||
| 100 | 1 |
_aШехтов, Христо Константинов _eпърви автор _9315135 |
|
| 700 | 1 |
_aШехтов, Христо Константинов _eпод ред. на _9376503 |
|
| 139 |
_aАвтоматизация и роботизация в мебелната промишленост _bА 22 |
||
| 245 | 1 | 0 |
_aАвтоматизация и роботизация в мебелната промишленост _bРъководство _cХристо Константинов Шехтов; под ред. на Христо Константинов Шехтов. |
| 257 | _aBGR | ||
| 260 |
_аСофия _bЗемиздат _c1989 _fХасково : Ат. Стратиев |
||
| 300 |
_a191 с. _bс табл., ил., черт. _c20 см |
||
| 380 | _a62 | ||
| 500 | _aДруги авт. : Н. С. Делийски, Г. Г. Георгиев, Б. С. Вичев. | ||
| 650 | 4 |
_aМебелна промишленост _9249309 |
|
| 650 | 4 |
_aАвтоматизация _9146267 |
|
| 653 | _aавтоматизация | ||
| 653 | _aроботи | ||
| 653 | _aмебелна промишленост | ||
| 852 | _aЦб 160580 | ||
| 856 | 4 |
_qpdf _u |
|
| 856 | 4 |
_qpdf _u |
|
| 942 |
_cKNG _n0 |
||
| 944 |
_aCR _c14.04.2011 _lдобави в АБ / 13.04.2011 _kЛюдмила_Стоянова |
||
| 944 |
_aED _c14.04.2011 _lдобави в АБ / 13.04.2011 _k |
||
| 999 |
_c117278 _d117278 |
||